000 00229nam a22000857a 4500
008 161114b xxu||||| |||| 00| 0 eng d
100 _91189
_aArora.S.L.
245 _aNumerical Problem in Physics-XI
260 _aNew Delhi
_b Dhanpat
_c2012
999 _c3873
_d3873